Thái độ của HS trường THPT Trần Phú - Hải Châu - Đà Nẵng về vấn đề bạo lực học đường

Cơ sở lí luận của vấn đề nghiên cứu. Kết quả nghiên cứu thức tiễn về thái độ của HS trường THPT Trần Phú - Hải Châu - Đà Nẵng về vấn đề bạo lực học đường

Αποθηκεύτηκε σε:
Λεπτομέρειες βιβλιογραφικής εγγραφής
Κύριος συγγραφέας: Ngô, Hoàng Anh (Tác giả)
Άλλοι συγγραφείς: Phạm, Thị Mơ Th.S (Hướng dẫn)
Μορφή: Βιβλίο
Γλώσσα:Vietnamese
Έκδοση: Đại học Đà Nẵng Trường Đại Học Sư Phạm 2011
Σειρά:Báo cáo nghiên cứu khoa học. Chuyên ngành : Cử nhân tâm lí
Θέματα:
Ετικέτες: Προσθήκη ετικέτας
Δεν υπάρχουν, Καταχωρήστε ετικέτα πρώτοι!
Thư viện lưu trữ: Mạng thư viện Đại học Đà Nẵng
LEADER 01569nam a2200337 4500
001 000012856
003 9180
005 20120229100201.0
008 120229s2011 viesd
041 |a vie 
072 |a Công trình nghiên cứu khoa học 
082 |a 371.782  |b NG-A 
100 |a Ngô, Hoàng Anh  |e Tác giả 
245 |a Thái độ của HS trường THPT Trần Phú - Hải Châu - Đà Nẵng về vấn đề bạo lực học đường  |c Ngô, Hoàng Anh 
260 |a Đại học Đà Nẵng  |b Trường Đại Học Sư Phạm  |c 2011 
300 |a 63 tr.  |c 29 cm 
490 |a Báo cáo nghiên cứu khoa học. Chuyên ngành : Cử nhân tâm lí 
500 |a Tham khảo + phụ lục [8 tr.] 
520 |a Cơ sở lí luận của vấn đề nghiên cứu. Kết quả nghiên cứu thức tiễn về thái độ của HS trường THPT Trần Phú - Hải Châu - Đà Nẵng về vấn đề bạo lực học đường 
653 |a THPT Trần Phú - Đà Nẵng  |a bạo lực học đường 
700 |a Phạm, Thị Mơ  |c Th.S  |e Hướng dẫn 
OWN |a LSP 
AVA |a UDN50  |b LSP  |d 371.782 NG-A  |e available  |t Error 5001 Not defined in file expand_doc_bib_avail.  |f 1  |g 0  |h N  |i 0  |k 1 
999 |a From the UDN01 
AVA |a UDN50  |b LSP  |d 371.782 NG-A  |e available  |t Error 5001 Not defined in file expand_doc_bib_avail.  |f 1  |g 0  |h N  |i 0  |k 1 
TYP |a Monograph 
TYP |a Printed language 
980 |a Mạng thư viện Đại học Đà Nẵng